000 00871nam a2200253Ia 4500
003 OSt
005 20220923211624.0
006 a|||||r|||| 00| 0
007 ta
008 220922b |||||||| |||| 00| 0 san d
024 _a17,136
037 _cTextual
040 _aARTS
_cARTS
_bsan
041 _2san
_asan
082 _aQ11:21x, 15K9;L7
100 _aशास्त्री, हरिदत्त; कृष्ण कुमार
_9156284
245 0 _aऋक्-सूत्त्क-संग्रहः
246 _aṚuk-sūttka-sangrahah
260 _aमेरठ
_b साहित्य भण्डार
_c1977
300 _a378पृ.
_ccm.
650 _aधर्म
942 _hQ11:21x, 15K9;L7
_cTEXL
_2CC
999 _c301590
_d301590